000 01045nam a22002297a 4500
005 20240530110609.0
008 160721s2014 ua abk f b 000 0 ara d
017 _a2013/21593
_bمصر . دار الكتب المصرية
020 _a9789774115080
040 _aEG-CaGPL
082 0 4 _221
_a910.02\
_bم ج
100 0 _aمحمد ابراهيم حسن
245 1 0 _aجغرافية المياه الجوفية و مظاهرها من ابار و عيون و احواض جوفية :
_bدراسة اقليمية مقارنة /
_cمحمد ابراهيم حسن ؛ اشراف على اعداده و قدم له السيد على شتا
250 _aط. 1
260 _aالقاهرة :
_bالمكتبة المصرية للنشر و التوزيع ،
_c2014 .
300 _a338 ص. :
_bايض ؛
_c24 سم +
_eملاحق .
504 _aيشتمل على ارجاعات ببليوجرافية
650 0 4 _aالجيولوجيا المائية
650 0 4 _aالمياه الجوفية
700 0 _aالسيد على شتا
942 _2ddc
_cBK
999 _c62826
_d62826